000 00293nam a22001217a 4500
003 SGT
082 _a616.994
_bE11Y
100 _aYANG, STEPHEN C.
245 _aEARLY DIAGNOSIS AND TREATMENT OF CANCER BREAST
260 _aPHILADELPHIA
_bSA SUNDERS
_c2011
300 _a338
942 _2ddc
_cBK
999 _c14833
_d14833